NHL Arena's - Statistics

General Stats
  • This quiz has been taken 38 times
    4 since last reset
  • The average score is 16 of 32
Answer Stats
Team Arena % Correct
FLA Amerant Bank Arena
100%
DAL American Airlines Center
100%
COL Ball Arena
100%
LAK Crypto.com Arena
100%
BUF KeyBank Center
100%
CAR Lenovo Center
100%
NYR Madison Square Garden
100%
VAN Rogers Arena
100%
EDM Rogers Place
100%
CGY Scotiabank Saddledome
100%
BOS TD Garden
100%
NYI UBS Arena
100%
TBL Amalie Arena
50%
MIN Grand Casino Arena
50%
ANA Honda Center
50%
CBJ Nationwide Arena
50%
PIT PPG Paints Arena
50%
NJD Prudential Center
50%
TOR Scotiabank Arena
50%
NSH Bridgestone Arena
0%
WPG Canada Life Center
0%
OTT Canadian Tire Center
0%
WSH Capital One Arena
0%
MTL Centre Bell
0%
SEA Climate Pledge Arena
0%
UTA Delta Center
0%
STL Enterprise Center
0%
DET Little Ceasers Arena
0%
SJS SAP Center
0%
VGK T-Mobile Arena
0%
CHI Untied Center
0%
PHI Wells Fargo Center
0%
No matching quizzes found
Score Distribution
Percent of People with Each Score
Percentile by Number Answered
Your Score History
You have not taken this quiz since the last reset